Statistics for What are the meanings of these Chinese characters?

Click here to take the quiz!

General Stats

  • This quiz has been taken 19 times
  • The average score is 4 of 8

Answer Stats

Answer% Correct
human
100%
moon
95%
mouth
84%
cattle
63%
cloud
32%
stand
26%
arrow
16%
wheat
11%

Score Distribution

Percentile by Number Answered

Percent of People with Each Score

Your Score History

You have not taken this quiz